Changing sea levels : effects of tides, weather, and climate
Αποθηκεύτηκε σε:
| Κύριος συγγραφέας: | |
|---|---|
| Μορφή: | Βιβλίο |
| Γλώσσα: | English |
| Δημοσίευση: |
Cambridge, UK :
Cambridge University Press,
2004
|
| Θέματα: | |
| Ετικέτες: |
Προσθήκη ετικέτας
Δεν υπάρχουν, Καταχωρήστε ετικέτα πρώτοι!
|
MARC
| LEADER | 00000nam a2200000 i 4500 | ||
|---|---|---|---|
| 001 | 1/49796 | ||
| 008 | 070731s2004 eng d | ||
| 020 | |a 0-521-53218-3 (pbk.) | ||
| 035 | |l 10089284 | ||
| 040 | |a GR-MY-UA |b gre |e aacr | ||
| 041 | 0 | |a eng | |
| 082 | 0 | |a 551.458 |2 (22) | |
| 100 | 1 | |a Pugh, D. T. | |
| 245 | 1 | 0 | |a Changing sea levels : |b effects of tides, weather, and climate / |c David Pugh |
| 260 | |a Cambridge, UK : |b Cambridge University Press, |c 2004 | ||
| 300 | |a xiii, 265 σ.; |b εικ. (μερ. έγχρ.), χάρτες; |c 26 εκ. | ||
| 504 | |a Βιβλιογραφία: σ. 251-254 | ||
| 504 | |a Ευρετήριο: σ. 255-265 | ||
| 650 | 0 | 0 | |a Sea level. |
| 650 | 0 | 0 | |a Tides. |
| 650 | 0 | 0 | |a Storm surges. |
| 650 | 0 | 0 | |a Climatic changes |x Environmental aspects. |
| 852 | |a INST |b LESVOS |e 20070731 |h 551.458 PUG |p 005100041322 |q 005100041322 |t BK |y 0 | ||
| 852 | |a INST |b LESVOS |e 20081015 |h 551.458 PUG |p 005100043177 |q 005100043177 |t BK |y 4 |x 20191030 | ||
| 901 | |a BIBL1-2007-2 | ||
| 901 | |a BIBL1-2008-3 | ||
| 909 | |a Λ |b 137360 | ||
| 909 | |a Λ |b 144296 | ||
| 922 | |a 1ΕΛΗ |b 200707 |c ΕΠΕΑΕΚ2/ΤΕΘ |d ΕΛΕΥΘΕΡΟΥΔΑΚΗΣ | ||
| 922 | |a 1ΕΛΗ |b 200801 |c ΕΠΕΑΕΚ2/ΤΕΘ |d ΠΑΠΑΣΩΤΗΡΙΟΥ | ||
| 970 | |a ΚΑΡΑ |b ΓΙΑΣΕΜΗ |z 2007/07/31 | ||